[Event "133rd YMCA Masters"]
[Site "Warszawa"]
[Date "2014.01.10"]
[Round "1"]
[White "Bartel, Michal"]
[Black "Jarmula, Lukasz"]
[Result "1/2-1/2"]
[WhiteElo "2316"]
[BlackElo "2225"]
[Annotator "Admin"]
[PlyCount "34"]
[EventDate "2014.01.09"]
[EventType "tourn"]
[EventRounds "1"]
[EventCountry "POL"]
[EventCategory "2"]
[SourceDate "2014.01.09"]

1. g3 e5 2. Bg2 d5 3. c4 Nf6 4. cxd5 Nxd5 5. Nc3 Nb6 6. Nf3 Nc6 7. O-O Be7 8.
a3 O-O 9. b4 Be6 10. d3 a5 11. b5 Nd4 12. Bb2 f6 13. Rc1 Bb3 14. Qe1 Nc2 15.
Qd1 Nd4 16. Qe1 Nc2 17. Qd1 Nd4 $11 1/2-1/2

[Event "133rd YMCA Masters"]
[Site "Warszawa"]
[Date "2014.01.10"]
[Round "1"]
[White "Cajbel, Maciej"]
[Black "Kukawski, Maciej"]
[Result "1/2-1/2"]
[WhiteElo "2205"]
[BlackElo "2306"]
[Annotator "Admin"]
[PlyCount "41"]
[EventDate "2014.01.09"]
[EventType "tourn"]
[EventRounds "1"]
[EventCountry "POL"]
[EventCategory "2"]
[SourceDate "2014.01.09"]

1. c4 c5 2. Nc3 Nf6 3. g3 d5 4. cxd5 Nxd5 5. Bg2 Nc7 6. Nf3 Nc6 7. O-O e5 8. d3
Be7 9. Nd2 Bd7 10. Nc4 O-O 11. Bxc6 Bxc6 12. Nxe5 Be8 13. Qb3 Bf6 14. Ng4 Bc6
15. Nxf6+ Qxf6 16. Qc4 Ne6 17. Be3 Rfe8 18. Rfe1 Rad8 19. Rac1 Nd4 20. Bxd4
cxd4 21. Ne4 $11 1/2-1/2

[Event "133rd YMCA Masters"]
[Site "Warszawa"]
[Date "2014.01.10"]
[Round "1"]
[White "Janczarski, Michal"]
[Black "Skawinski, Arkadiusz"]
[Result "1-0"]
[WhiteElo "2385"]
[BlackElo "2319"]
[Annotator "Admin"]
[PlyCount "61"]
[EventDate "2014.01.09"]
[EventType "tourn"]
[EventRounds "1"]
[EventCountry "POL"]
[EventCategory "2"]
[SourceDate "2014.01.09"]

1. d4 d5 2. c4 c6 3. e3 Nf6 4. Nf3 Bf5 5. Nc3 e6 6. Nh4 Be4 7. f3 Bg6 8. Nxg6
hxg6 9. Bd3 Bd6 10. f4 Nbd7 11. Qf3 c5 12. cxd5 exd5 13. Nxd5 cxd4 14. O-O Nc5
15. Bb5+ Kf8 16. exd4 Ne6 17. Nxf6 Qxf6 18. Be3 Nxd4 19. Bxd4 Qxd4+ 20. Kh1 Rd8
$11 21. Rad1 Qb6 22. Rd5 a6 23. Bc4 Qc6 24. Bb3 Rh5 25. Rxh5 Qxf3 26. Rh8+ Ke7
27. Re1+ Kf6 28. Rxd8 Qxf4 29. Rh8 g5 30. Bd5 g6 31. Rh7 1-0

[Event "133rd YMCA Masters"]
[Site "Warszawa"]
[Date "2014.01.10"]
[Round "1"]
[White "Rudolf, Michal"]
[Black "Adamski, Andrzej"]
[Result "0-1"]
[WhiteElo "2367"]
[BlackElo "2274"]
[PlyCount "70"]
[EventDate "2014.01.09"]
[EventType "tourn"]
[EventRounds "1"]
[EventCountry "POL"]
[EventCategory "2"]
[SourceDate "2014.01.09"]

1. e4 e5 2. Nf3 Nc6 3. Bc4 Nf6 4. d3 Be7 5. O-O d6 6. c3 O-O 7. Re1 a6 8. Bb3
Be6 9. Nbd2 Nd7 10. Bc2 d5 11. Nf1 Bf6 12. Qe2 dxe4 13. dxe4 Nb6 14. b3 Qe7 15.
a4 Rfd8 16. Ba3 Qe8 17. Ne3 Be7 18. a5 Bxa3 19. Rxa3 Nc8 20. Nd5 Rd7 21. b4 Nd6
22. Raa1 Nb5 23. Qe3 Rad8 24. Qg5 Kh8 25. Bb3 h6 26. Qh4 Nxc3 27. Nf6 gxf6 28.
Ra3 Bxb3 29. Rxb3 Rd3 30. Qxh6+ Kg8 31. Kf1 Qe6 32. Nh4 Qc4 33. Rxc3 Rxc3+ 34.
Kg1 Qe2 35. Rf1 Rd1 0-1

[Event "133rd YMCA Masters"]
[Site "Warszawa"]
[Date "2014.01.10"]
[Round "1"]
[White "Warszawski, Bartosz"]
[Black "Nguyen, Piotr"]
[Result "1-0"]
[WhiteElo "2232"]
[BlackElo "2360"]
[Annotator "Admin"]
[PlyCount "85"]
[EventDate "2014.01.09"]
[EventType "tourn"]
[EventRounds "1"]
[EventCountry "POL"]
[EventCategory "2"]
[SourceDate "2014.01.09"]

1. e4 e6 2. d4 d5 3. Nc3 Bb4 4. Nge2 Nc6 5. a3 Ba5 6. exd5 exd5 7. Ng3 Nf6 8.
Bb5 Qe7+ 9. Be3 Bxc3+ 10. bxc3 h5 11. h4 Ng4 12. Qe2 Nxe3 13. Qxe3 Be6 14. f4
Bd7 15. Qxe7+ Kxe7 16. Kd2 Na5 17. Rae1+ Kd6 18. Bd3 g6 19. Re5 f6 20. Ree1 b5
21. Bxg6 Rag8 22. f5 Nc4+ 23. Kc1 a5 24. Nxh5 b4 25. cxb4 axb4 26. axb4 Ra8 27.
Kd1 Ne3+ 28. Kd2 Nc4+ 29. Ke2 Ra2 30. Rc1 Ba4 31. Nxf6 Bxc2 32. Kf3 Rf8 33.
Ne8+ Rxe8 $11 34. Bxe8 Be4+ 35. Kf4 Rf2+ 36. Kg5 Rxf5+ 37. Kh6 Rf6+ 38. Kg7 Rf2
39. Rh2 Ne3 40. Bg6 Ng4 41. Rhh1 Bxg2 42. Rhg1 Nf6 43. Rxg2 1-0

[Event "133rd YMCA Masters"]
[Site "Warszawa"]
[Date "2014.01.17"]
[Round "2"]
[White "Adamski, Andrzej"]
[Black "Warszawski, Bartosz"]
[Result "0-1"]
[WhiteElo "2274"]
[BlackElo "2232"]
[Annotator "Admin"]
[PlyCount "72"]
[EventDate "2014.01.09"]
[EventType "tourn"]
[EventRounds "1"]
[EventCountry "POL"]
[EventCategory "2"]
[SourceDate "2014.01.09"]

1. e4 c5 2. c3 e6 3. d4 d5 4. e5 Nc6 5. Nf3 Bd7 6. dxc5 Bxc5 7. Bd3 Qc7 8. Bf4
O-O-O 9. O-O h6 10. b4 g5 11. Bg3 Be7 12. Na3 a6 13. Qe2 h5 14. h3 h4 15. Bh2
Nh6 16. Nd4 Rdg8 17. Nxc6 Bxc6 18. f3 Nf5 $11 19. Nc2 Qb6+ 20. Kh1 Ng3+ 21.
Bxg3 hxg3 22. a4 g4 23. fxg4 d4 24. Be4 d3 25. Qxd3 Rxg4 26. Bxc6 Qxc6 27. Kg1
Rg7 28. Rf4 Rd8 29. Nd4 Qc7 30. Re1 Rd5 31. Qe2 Kb8 32. Rf3 Bxb4 33. Nxe6 fxe6
34. cxb4 Qb6+ 35. Qe3 Qxb4 36. Ref1 Qc5 $138 0-1

[Event "133rd YMCA Masters"]
[Site "Warszawa"]
[Date "2014.02.17"]
[Round "2"]
[White "Skawinski, Arkadiusz"]
[Black "Rudolf, Michal"]
[Result "1-0"]
[WhiteElo "2319"]
[BlackElo "2367"]
[PlyCount "65"]
[EventDate "2014.01.09"]
[EventType "tourn"]
[EventRounds "1"]
[EventCountry "POL"]
[EventCategory "2"]
[SourceDate "2014.01.09"]

1. e4 d5 2. exd5 Qxd5 3. Nc3 Qa5 4. d4 Nf6 5. Bc4 c6 6. Bd2 Bf5 7. Nd5 Qd8 8.
Nxf6+ gxf6 9. Ne2 e6 10. c3 Nd7 11. Ng3 Bg6 12. h4 h5 13. Be2 Bd6 14. Nxh5 Qc7
15. g3 O-O-O 16. Nf4 Bf5 17. Bd3 Bxd3 18. Nxd3 e5 19. Qg4 e4 20. Nc5 Bxc5 21.
dxc5 Qe5 22. Bf4 Qxc5 23. O-O-O f5 24. Qg7 Qf8 25. Qg5 Qc5 26. Rd6 Nb6 27. Qf6
Rhf8 28. Rhd1 Rd7 29. Be3 Rxd6 30. Rxd6 Qa5 31. Qe7 Rh8 32. Bf4 Nd5 33. Qd7+
1-0

[Event "133rd YMCA Masters"]
[Site "Warszawa"]
[Date "2014.01.30"]
[Round "2"]
[White "Kukawski, Maciej"]
[Black "Janczarski, Michal"]
[Result "1-0"]
[WhiteElo "2306"]
[BlackElo "2385"]
[Annotator "Admin"]
[PlyCount "112"]
[EventDate "2014.01.09"]
[EventType "tourn"]
[EventRounds "1"]
[EventCountry "POL"]
[EventCategory "2"]
[SourceDate "2014.01.09"]

1. d4 Nf6 2. c4 e6 3. Nc3 Bb4 4. f3 d5 $11 5. a3 Bxc3+ 6. bxc3 O-O 7. cxd5 exd5
8. e3 Nh5 9. Ne2 Qf6 10. Kf2 c5 11. dxc5 Be6 12. Rb1 Na6 13. Qd4 Qe7 14. Nf4
Nxf4 15. Bxa6 Qh4+ 16. Kf1 bxa6 17. exf4 Bf5 18. Rb7 Rfe8 19. Be3 Rab8 20. c6
Rxb7 21. cxb7 Qe7 22. g4 Bc2 23. Qxa7 Qc7 24. Kf2 Rb8 25. Rc1 Bd3 26. Rd1 Bc4
27. Rb1 Bb5 28. a4 Bc6 29. Qxa6 h5 30. Rb6 Bxb7 31. Qb5 hxg4 32. fxg4 d4 33.
Bxd4 Qxf4+ 34. Ke1 Qc1+ 35. Ke2 Qc2+ 36. Ke3 Qc1+ 37. Ke2 Qc2+ 38. Ke3 Qc1+ 39.
Kd3 Qd1+ 40. Ke3 $11 Qe1+ 41. Kd3 Re8 42. Kc4 Qf1+ 43. Kb3 Qb1+ 44. Ka3 Qa1+
45. Kb3 Qd1+ 46. Ka3 Qa1+ 47. Kb3 $11 Re1 48. Rxb7 Rb1+ 49. Kc4 Rxb5 50. axb5
Qa8 51. Ra7 Qc8+ 52. Kb4 Qxg4 53. b6 Qf4 54. Ra8+ Kh7 55. b7 Qd6+ 56. Bc5 Qf4+
1-0

[Event "133rd YMCA Masters"]
[Site "Warszawa"]
[Date "2014.01.13"]
[Round "2"]
[White "Jarmula, Lukasz"]
[Black "Cajbel, Maciej"]
[Result "1-0"]
[WhiteElo "2225"]
[BlackElo "2205"]
[PlyCount "113"]
[EventDate "2014.01.09"]
[EventType "tourn"]
[EventRounds "1"]
[EventCountry "POL"]
[EventCategory "2"]
[SourceDate "2014.01.09"]

1. Nf3 Nf6 2. c4 c5 3. Nc3 g6 4. g3 Bg7 5. Bg2 O-O 6. O-O Nc6 7. d4 cxd4 8.
Nxd4 Nxd4 9. Qxd4 d6 10. Qd3 Nd7 11. b3 Nc5 12. Qd2 a5 13. Bb2 Be6 14. Nb5 Bxb2
15. Qxb2 Qb6 16. Qd4 Bd7 17. Nc3 Bc6 18. Qh4 Rfe8 19. Rab1 Ne6 20. Rfd1 Qb4 21.
Nd5 Bxd5 22. Bxd5 Nf8 23. Qf4 e6 24. Bf3 Rad8 25. h4 Rd7 26. h5 Qc5 27. hxg6
hxg6 28. Kg2 Qf5 29. Qh6 f6 30. Rh1 Nh7 31. Rbd1 Ree7 32. Qe3 Qc5 33. Rxh7 Kxh7
34. Rh1+ Kg8 35. Qh6 Rg7 36. Qh8+ Kf7 37. Qa8 d5 38. Rh8 Qe7 39. cxd5 exd5 40.
Qxa5 Qe6 41. Qa8 Qe7 42. a4 f5 43. a5 Kf6 44. a6 bxa6 45. Bxd5 g5 46. Rh6+ Rg6
47. Qc6+ Qd6 48. Qc3+ Ke7 49. Rh7+ Kd8 50. Rh8+ Ke7 51. e4 fxe4 52. Bxe4 Rf6
53. Qe3 Qe5 54. Rh7+ Rf7 55. Bg6 Qxe3 56. Rxf7+ Ke6 57. fxe3 1-0

[Event "133rd YMCA Masters"]
[Site "Warszawa"]
[Date "2014.01.23"]
[Round "2"]
[White "Rudnicki, Milosz"]
[Black "Bartel, Michal"]
[Result "0-1"]
[WhiteElo "2225"]
[BlackElo "2316"]
[PlyCount "68"]
[EventDate "2014.01.09"]
[EventType "tourn"]
[EventRounds "1"]
[EventCountry "POL"]
[EventCategory "2"]
[SourceDate "2014.01.09"]

1. e4 e5 2. Nf3 Nc6 3. Bb5 a6 4. Ba4 Nge7 5. c3 g6 6. d4 exd4 7. cxd4 b5 8. Bb3
Bg7 9. Nc3 d6 10. O-O O-O 11. h3 Na5 12. Bc2 c5 13. Bg5 h6 14. Bh4 c4 15. e5
dxe5 16. Nxe5 g5 17. Bg3 Nf5 18. Qf3 Nxg3 19. Rfd1 Bb7 20. Qxg3 Qc7 21. h4 f6
22. hxg5 fxg5 23. Re1 Rad8 24. Qg4 Bc8 25. Qh5 Bf5 26. Bxf5 Rxf5 27. Ng6 Rf7
28. Ne5 Rff8 29. Ng6 Qf7 30. Ne7+ Kh7 31. Qe2 Bxd4 32. Qe4+ Kg7 33. Re2 Bxf2+
34. Kh1 Qh5+ 0-1

[Event "133rd YMCA Masters"]
[Site "Warszawa"]
[Date "2014.01.20"]
[Round "3"]
[White "Cajbel, Maciej"]
[Black "Rudnicki, Milosz"]
[Result "1-0"]
[WhiteElo "2205"]
[BlackElo "2225"]
[PlyCount "65"]
[EventDate "2014.01.09"]
[EventType "tourn"]
[EventRounds "1"]
[EventCountry "POL"]
[EventCategory "2"]
[SourceDate "2014.01.09"]

1. e4 c5 2. Nc3 Nc6 3. Bb5 Nd4 4. Bc4 d6 5. Nge2 Be6 6. Bxe6 Nxe6 7. O-O Nf6 8.
d4 cxd4 9. Nxd4 Qc8 10. Re1 Nxd4 11. Qxd4 Qc6 12. Bg5 Nd7 13. Nd5 h6 14. Bh4
Nb6 15. c4 Rc8 16. b3 Qc5 17. Qb2 Rg8 18. Rad1 g5 19. Bg3 Rg6 20. e5 dxe5 21.
Qxe5 Nxd5 22. cxd5 Bg7 23. Qe4 Rd8 24. Rc1 Qa3 25. Rc7 Bf6 26. d6 e6 27. Qxb7
Rg7 28. Rc8 Qa5 29. Rd1 e5 30. Qc6+ Kf8 31. Rxd8+ Qxd8 32. Qc7 Rg6 33. Bxe5 1-0

[Event "133rd YMCA Masters"]
[Site "Warszawa"]
[Date "2014.01.24"]
[Round "3"]
[White "Janczarski, Michal"]
[Black "Jarmula, Lukasz"]
[Result "1-0"]
[WhiteElo "2385"]
[BlackElo "2225"]
[PlyCount "69"]
[EventDate "2014.01.09"]
[EventType "tourn"]
[EventRounds "1"]
[EventCountry "POL"]
[EventCategory "2"]
[SourceDate "2014.01.09"]

1. d4 Nf6 2. c4 g6 3. Nc3 Bg7 4. e4 d6 5. Be2 O-O 6. Nf3 e5 7. O-O Nc6 8. d5
Ne7 9. Ne1 Nd7 10. Nd3 f5 11. Bd2 Kh8 12. Rc1 Nf6 13. f3 f4 14. c5 Neg8 15. g4
h5 16. h3 Ne8 17. Kg2 Bf6 18. Nb5 Rf7 19. Ba5 b6 20. Bd2 dxc5 21. b4 Nd6 22. a4
a6 23. bxc5 bxc5 24. Na3 hxg4 25. hxg4 Bxg4 26. fxg4 Nxe4 27. Rh1+ Rh7 28. Bf3
Ng5 29. Rxh7+ Kxh7 30. Nxc5 Nh6 31. Ne6 Nxe6 32. dxe6 e4 33. Bxe4 Bb2 34. e7
Qxe7 35. Bxa8 1-0

[Event "133rd YMCA Masters"]
[Site "Warszawa"]
[Date "2014.01.24"]
[Round "3"]
[White "Rudolf, Michal"]
[Black "Kukawski, Maciej"]
[Result "1/2-1/2"]
[WhiteElo "2367"]
[BlackElo "2306"]
[PlyCount "197"]
[EventDate "2014.01.09"]
[EventType "tourn"]
[EventRounds "1"]
[EventCountry "POL"]
[EventCategory "2"]
[SourceDate "2014.01.09"]

1. d4 e6 2. c4 d5 3. Nc3 c6 4. e4 dxe4 5. Nxe4 Bb4+ 6. Nc3 c5 7. a3 Bxc3+ 8.
bxc3 Nf6 9. Nf3 Nc6 10. Be2 Qa5 11. O-O Ne4 12. Bd3 Nxc3 13. Qe1 cxd4 14. Bb2
Qc5 15. Nxd4 Qxd4 16. Rd1 Qe5 17. Qd2 O-O 18. Bxc3 Qc5 19. Be4 f6 20. Qd3 Qh5
21. Qg3 e5 22. Rd6 Bf5 23. Bd5+ Kh8 24. Bxc6 bxc6 25. Rxc6 Rfc8 26. Rxc8+ Rxc8
27. f4 e4 28. Qe3 Rxc4 29. Rb1 h6 30. h3 Be6 31. Rb8+ Kh7 32. Rb7 Qg6 33. Rxa7
Bd5 34. Rd7 Rxc3 35. Qxc3 e3 36. Qb2 Qf5 37. Rd8 Qe4 38. Qe2 Bc4 39. Qf3 Qe7
40. Rd4 f5 41. Rxc4 e2 42. Rc1 e1=Q+ 43. Rxe1 Qxe1+ 44. Kh2 Qd2 45. h4 Qe1 46.
Qg3 Qe4 47. h5 Kh8 48. Qf2 Qa4 49. Qe3 Kh7 50. Qd2 Qe8 51. Qd1 Qe3 52. Qd6 Qe4
53. Qe5 Qc2 54. Qe8 Qf2 55. Qg6+ Kh8 56. Qg3 Qd4 57. Qf3 Kh7 58. Kh3 Qa1 59.
Kh2 Qd4 60. Qg3 Kh8 61. Qf3 Kh7 62. g3 Qb2+ 63. Kh3 Qa1 64. Qd5 Qxa3 65. Qxf5+
Kh8 66. Qe4 Qc3 67. Qe5 Qf3 68. Qb8+ Kh7 69. Qb1+ Kh8 70. Kh4 Qe2 71. Qg1 Qe7+
72. Kh3 Qe2 73. g4 Qf3+ 74. Qg3 Qh1+ 75. Qh2 Qf1+ 76. Kg3 Qd3+ 77. Kh4 Qd8+ 78.
Kh3 Qd3+ 79. Qg3 Qf1+ 80. Kh2 Kh7 81. Qe3 Kh8 82. g5 hxg5 83. fxg5 Qf7 84. g6
Qc7+ 85. Kg1 Qd7 86. Qe4 Qd1+ 87. Kg2 Qd2+ 88. Kh3 Qd7+ 89. Kh4 Qd8+ 90. Kg4
Qd1+ 91. Kf4 Qd6+ 92. Qe5 Qxe5+ 93. Kxe5 Kg8 94. Ke6 Kh8 95. Ke7 Kg8 96. Ke6
Kh8 97. h6 Kg8 98. h7+ Kh8 99. Kf7 1/2-1/2

[Event "133rd YMCA Masters"]
[Site "Warszawa"]
[Date "2014.01.24"]
[Round "3"]
[White "Warszawski, Bartosz"]
[Black "Skawinski, Arkadiusz"]
[Result "1-0"]
[WhiteElo "2232"]
[BlackElo "2319"]
[PlyCount "59"]
[EventDate "2014.01.09"]
[EventType "tourn"]
[EventRounds "1"]
[EventCountry "POL"]
[EventCategory "2"]
[SourceDate "2014.01.09"]

1. e4 e6 2. d4 d5 3. Nc3 Bb4 4. Nge2 Nc6 5. a3 Ba5 6. Be3 dxe4 7. b4 Bb6 8.
Nxe4 e5 9. d5 Nce7 10. Bxb6 axb6 11. d6 Nf5 12. dxc7 Qxc7 13. N2c3 Nge7 14.
Bb5+ Kf8 15. O-O Nd4 16. f4 Bf5 17. fxe5 Nxb5 18. Nxb5 Qxe5 19. Ned6 g6 20. Qd2
h5 21. Rae1 Qf6 22. Qe3 Rd8 23. Qxb6 Rd7 24. Qc5 Kg7 25. Rd1 Rhd8 26. Ne8+ Rxe8
27. Rxd7 Qe6 28. Rd6 Qe2 29. Qc3+ Kg8 30. Nc7 1-0

[Event "133rd YMCA Masters"]
[Site "Warszawa"]
[Date "2014.02.19"]
[Round "4"]
[White "Skawinski, Arkadiusz"]
[Black "Nguyen, Piotr"]
[Result "1/2-1/2"]
[WhiteElo "2319"]
[BlackElo "2360"]
[Annotator "Admin"]
[PlyCount "47"]
[EventDate "2014.01.09"]
[EventType "tourn"]
[EventRounds "1"]
[EventCountry "POL"]
[EventCategory "2"]
[SourceDate "2014.01.09"]

1. e4 c6 2. d4 d5 3. exd5 cxd5 4. c4 Nf6 5. Nc3 Nc6 6. Nf3 Bg4 7. cxd5 Nxd5 8.
Qb3 Bxf3 9. gxf3 e6 10. Qxb7 Nxd4 11. Bb5+ Nxb5 12. Qc6+ Ke7 13. Qxb5 Nxc3 14.
Qc5+ Qd6 15. Qxc3 Qa6 16. Be3 Rc8 17. Qd4 Rc2 18. Qxa7+ Qxa7 19. Bxa7 e5 20. b4
Ke6 21. a3 Bd6 22. O-O Ra8 23. Be3 Rc3 24. a4 $11 1/2-1/2

[Event "133rd YMCA Masters"]
[Site "Warszawa"]
[Date "2014.01.31"]
[Round "4"]
[White "Kukawski, Maciej"]
[Black "Warszawski, Bartosz"]
[Result "1-0"]
[WhiteElo "2306"]
[BlackElo "2232"]
[PlyCount "107"]
[EventDate "2014.01.09"]
[EventType "tourn"]
[EventRounds "1"]
[EventCountry "POL"]
[EventCategory "2"]
[SourceDate "2014.01.09"]

1. d4 d5 2. c4 e6 3. Nc3 c5 4. cxd5 exd5 5. Nf3 Nc6 6. dxc5 d4 7. Na4 Bxc5 8.
Nxc5 Qa5+ 9. Qd2 Qxc5 10. e3 dxe3 11. Qxe3+ Qxe3+ 12. Bxe3 Nge7 13. Bc4 Be6 14.
Bxe6 fxe6 15. Ng5 Kd7 16. O-O-O+ Nd5 17. Rhe1 Ncb4 18. a3 Rac8+ 19. Kb1 Nc2 20.
Re2 Ncxe3 21. Rxe3 Rhe8 22. Nxh7 Kc6 23. Rg3 Re7 24. Ng5 Rf8 25. Rc1+ Kd7 26.
Ne4 Rf4 27. f3 Nf6 28. Rd1+ Kc7 29. Nc5 Kc6 30. Rg5 b6 31. Nd3 Rf5 32. Rg6 Kb7
33. Re1 Rd7 34. Ne5 Re7 35. g3 b5 36. f4 a5 37. Nf3 Rd5 38. Ng5 e5 39. fxe5
Rdxe5 40. Rxe5 Rxe5 41. Rxg7+ Kc8 42. h4 Re3 43. Nf7 Kd7 44. Nh6+ Ke8 45. Nf5
Re1+ 46. Kc2 Re2+ 47. Kc3 Nd5+ 48. Kd4 Rd2+ 49. Kc5 b4 50. axb4 axb4 51. b3 Rd3
52. Kc4 Rf3 53. Kxd5 Rxf5+ 54. Ke6 1-0

[Event "133rd YMCA Masters"]
[Site "Warszawa"]
[Date "2014.01.31"]
[Round "4"]
[White "Jarmula, Lukasz"]
[Black "Rudolf, Michal"]
[Result "1/2-1/2"]
[WhiteElo "2225"]
[BlackElo "2367"]
[Annotator "Admin"]
[PlyCount "61"]
[EventDate "2014.01.09"]
[EventType "tourn"]
[EventRounds "1"]
[EventCountry "POL"]
[EventCategory "2"]
[SourceDate "2014.01.09"]

1. e4 c6 2. d4 d5 3. Nc3 dxe4 4. Nxe4 Bf5 5. Ng3 Bg6 6. Nh3 e6 7. Nf4 Bd6 8.
Ngh5 Kf8 9. Be3 Qa5+ 10. c3 Nd7 11. Be2 Ne7 12. O-O Qc7 13. g3 Rd8 14. Qb3 Nd5
15. c4 Nxf4 16. Nxf4 Nf6 17. Rfe1 Qc8 18. Rad1 Kg8 19. Nxg6 hxg6 20. Bf3 Bb8
21. Bg5 Kh7 22. d5 Rhe8 23. dxc6 bxc6 24. Rxd8 Rxd8 25. c5 Rd7 26. Bxf6 gxf6
27. Qa4 Be5 28. b4 Qc7 29. Rd1 Rxd1+ 30. Qxd1 a5 31. bxa5 $11 1/2-1/2

[Event "133rd YMCA Masters"]
[Site "Warszawa"]
[Date "2014.02.20"]
[Round "4"]
[White "Rudnicki, Milosz"]
[Black "Janczarski, Michal"]
[Result "0-1"]
[WhiteElo "2225"]
[BlackElo "2385"]
[PlyCount "38"]
[EventDate "2014.01.09"]
[EventType "tourn"]
[EventRounds "1"]
[EventCountry "POL"]
[EventCategory "2"]
[SourceDate "2014.01.09"]

1. e4 c5 2. Nf3 d6 3. d4 cxd4 4. Nxd4 Nf6 5. Nc3 a6 6. Be3 e6 7. Qd2 Nbd7 8. f3
b5 9. g4 Nb6 10. g5 Nfd7 11. f4 Bb7 12. Bd3 Rc8 13. f5 e5 14. Nde2 b4 15. Nd5
Nxd5 16. exd5 Bxd5 17. O-O Bb7 18. Qxb4 Qc7 19. Qc3 e4 0-1

[Event "133rd YMCA Masters"]
[Site "Warszawa"]
[Date "2014.01.27"]
[Round "4"]
[White "Bartel, Michal"]
[Black "Cajbel, Maciej"]
[Result "1/2-1/2"]
[WhiteElo "2316"]
[BlackElo "2205"]
[PlyCount "50"]
[EventDate "2014.01.09"]
[EventType "tourn"]
[EventRounds "1"]
[EventCountry "POL"]
[EventCategory "2"]
[SourceDate "2014.01.09"]

1. e4 c5 2. Nf3 Nc6 3. d4 cxd4 4. Nxd4 g6 5. g3 Bg7 6. Ne2 Nf6 7. Bg2 O-O 8.
O-O d6 9. Nbc3 a6 10. a4 Rb8 11. h3 b5 12. axb5 axb5 13. Bg5 b4 14. Nd5 Nd7 15.
c3 bxc3 16. bxc3 h6 17. Be3 e6 18. Ndf4 Nc5 19. Qc2 Qc7 20. Rfb1 Bd7 21. Nd4
Ne5 22. Rb4 Nc6 23. Rbb1 Ne5 24. Rb4 Nc6 25. Rbb1 Ne5 1/2-1/2

[Event "133rd YMCA Masters"]
[Site "Warszawa"]
[Date "2014.02.07"]
[Round "5"]
[White "Janczarski, Michal"]
[Black "Bartel, Michal"]
[Result "1-0"]
[WhiteElo "2385"]
[BlackElo "2316"]
[PlyCount "65"]
[EventDate "2014.01.09"]
[EventType "tourn"]
[EventRounds "1"]
[EventCountry "POL"]
[EventCategory "2"]
[SourceDate "2014.01.09"]

1. c4 Nf6 2. d4 e5 3. dxe5 Ng4 4. Bf4 g5 5. Bg3 Bg7 6. Nf3 Nc6 7. Nc3 Ngxe5 8.
Nxe5 Nxe5 9. e3 d6 10. h4 g4 11. h5 h6 12. Be2 f5 13. c5 dxc5 14. Qxd8+ Kxd8
15. O-O-O+ Bd7 16. Rd5 Re8 17. Rhd1 Re7 18. Bh4 c6 19. R5d2 Ke8 20. f4 gxf3 21.
gxf3 Be6 22. f4 Nf7 23. Rg1 Bf8 24. Bxe7 Kxe7 25. e4 Nd6 26. e5 Nc4 27. Bxc4
Bxc4 28. Rd6 Rd8 29. Rf6 Be6 30. Rgg6 Bd7 31. Nd1 Be8 32. Ne3 Bxg6 33. hxg6 1-0

[Event "133rd YMCA Masters"]
[Site "Warszawa"]
[Date "2014.02.05"]
[Round "5"]
[White "Rudolf, Michal"]
[Black "Rudnicki, Milosz"]
[Result "1-0"]
[WhiteElo "2367"]
[BlackElo "2225"]
[PlyCount "103"]
[EventDate "2014.01.09"]
[EventType "tourn"]
[EventRounds "1"]
[EventCountry "POL"]
[EventCategory "2"]
[SourceDate "2014.01.09"]

1. d4 Nf6 2. c4 e6 3. Nc3 Bb4 4. Nf3 O-O 5. Bg5 d5 6. e3 c6 7. Rc1 Nbd7 8. Bd3
Re8 9. O-O Bxc3 10. Rxc3 e5 11. dxe5 Nxe5 12. cxd5 Qxd5 13. Nxe5 Qxe5 14. Bf4
Qh5 15. Qc2 Nd5 16. Rc5 b6 17. Rc4 c5 18. Re4 Bb7 19. Rxe8+ Rxe8 20. Qa4 Nf6
21. f3 a6 22. e4 b5 23. Qa3 Nd7 24. Rd1 Nb6 25. Qa5 Qg6 26. Bf1 Nc8 27. Qc7 Qc6
28. Rd7 Qxc7 29. Rxc7 Re7 30. Rxc5 f6 31. Bd3 Kf7 32. Bc2 Rd7 33. Kf2 Nb6 34.
b3 h6 35. Ke3 Re7 36. Kd4 Nc8 37. Rc7 Ke6 38. Kc5 Rxc7+ 39. Bxc7 Kd7 40. Bg3
Ke6 41. b4 g6 42. Bb3+ Ke7 43. Bf4 h5 44. h4 f5 45. Bg5+ Kd7 46. exf5 gxf5 47.
Bf7 Nd6 48. Bxh5 Nc4 49. Bf7 Ne5 50. Bb3 Ke8 51. Be6 f4 52. Kb6 1-0

[Event "133rd YMCA Masters"]
[Site "Warszawa"]
[Date "2014.02.06"]
[Round "5"]
[White "Warszawski, Bartosz"]
[Black "Jarmula, Lukasz"]
[Result "0-1"]
[WhiteElo "2232"]
[BlackElo "2225"]
[PlyCount "84"]
[EventDate "2014.01.09"]
[EventType "tourn"]
[EventRounds "1"]
[EventCountry "POL"]
[EventCategory "2"]
[SourceDate "2014.01.09"]

1. e4 c5 2. Nf3 d6 3. d4 cxd4 4. Nxd4 Nf6 5. Nc3 a6 6. Be2 g6 7. Be3 Bg7 8. Qd2
Nbd7 9. Bh6 Bxh6 10. Qxh6 b5 11. O-O-O Bb7 12. Rhe1 Rc8 13. Nd5 e5 14. Bf3 Rg8
15. Kb1 Ba8 16. Nb3 Bxd5 17. exd5 g5 18. g4 Rg6 19. Qh3 Kf8 20. Be2 Nc5 21.
Nxc5 Rxc5 22. Bd3 Kg7 23. Bxg6 hxg6 24. Qf3 Rc4 25. h3 Qa5 26. Re2 Ra4 27. Qb3
Nd7 28. a3 b4 29. Re3 Nc5 30. Qc4 bxa3 31. Rxa3 Rxa3 32. bxa3 Qxa3 33. Rd2 Na4
34. c3 Nxc3+ 35. Kc2 Nb5 36. Rd3 Qa1 37. Qb4 Qa2+ 38. Kd1 Qxf2 39. Qa4 Nd4 40.
Kc1 Qe1+ 41. Kb2 Qe2+ 42. Kc3 Nb5+ 0-1

[Event "133rd YMCA Masters"]
[Site "Warszawa"]
[Date "2014.02.07"]
[Round "5"]
[White "Nguyen, Piotr"]
[Black "Kukawski, Maciej"]
[Result "0-1"]
[WhiteElo "2360"]
[BlackElo "2306"]
[Annotator "Admin"]
[PlyCount "86"]
[EventDate "2014.01.09"]
[EventType "tourn"]
[EventRounds "1"]
[EventCountry "POL"]
[EventCategory "2"]
[SourceDate "2014.01.09"]

1. c4 e6 2. g3 d5 3. Bg2 dxc4 4. Na3 Nf6 5. Nxc4 a6 6. Nf3 b5 7. Nce5 Nd5 8. a4
f6 9. Nd3 e5 10. e4 Nb6 11. Qc2 bxa4 12. O-O Be6 13. Nc5 Bxc5 14. Qxc5 Qd6 15.
d4 Qxc5 16. dxc5 N6d7 17. Be3 Bc4 18. Rfd1 Nc6 19. Bh3 Rd8 20. Rxa4 Be2 21.
Rxd7 Rxd7 22. Bxd7+ Kxd7 23. Nd2 Rb8 24. b3 $11 Rb4 25. Ra2 Nd4 26. Bxd4 exd4
27. f4 Bd3 28. Ra1 Kc6 29. Rc1 a5 30. Kf2 a4 31. bxa4 Rxa4 32. Kf3 Ra2 33. Rd1
Ra3 34. Rc1 Rc3 35. Rxc3 dxc3 36. Nb3 Bc4 37. Nc1 Kxc5 38. Ke3 Kb4 39. e5 fxe5
40. fxe5 c5 41. h4 Ka3 42. Nd3 Bxd3 43. Kxd3 Kb3 0-1

[Event "133rd YMCA Masters"]
[Site "Warszawa"]
[Date "2014.02.14"]
[Round "6"]
[White "Jarmula, Lukasz"]
[Black "Nguyen, Piotr"]
[Result "0-1"]
[WhiteElo "2225"]
[BlackElo "2360"]
[PlyCount "62"]
[EventDate "2014.01.09"]
[EventType "tourn"]
[EventRounds "1"]
[EventCountry "POL"]
[EventCategory "2"]
[SourceDate "2014.01.09"]

1. d4 g6 2. c4 Bg7 3. Nc3 c5 4. d5 Bxc3+ 5. bxc3 f5 6. h4 d6 7. h5 Qa5 8. Bd2
gxh5 9. Nh3 Nf6 10. Nf4 Nbd7 11. e3 Nb6 12. Nxh5 Ng4 13. f4 Bd7 14. Ng7+ Kf7
15. Ne6 Bxe6 16. dxe6+ Kxe6 17. e4 Kd7 18. exf5 Rag8 19. Qf3 Kc7 20. a4 Rg7 21.
g3 Nf6 22. Bg2 Rb8 23. O-O Nxc4 24. Rfb1 d5 25. Rb5 Nxd2 26. Qe3 Qa6 27. Rxc5+
Kd7 28. Bxd5 Qb6 29. Kh1 Ke8 30. Qd4 Nh5 31. Re1 Nxg3+ 0-1